El capital 4 (Registro nro. 4106)

Detalles MARC
000 -LEADER
fixed length control field 01933 a2200229 4500
001 - CONTROL NUMBER
control field 46004
005 - DATE AND TIME OF LATEST TRANSACTION
control field 20260407155733.0
008 - FIXED-LENGTH DATA ELEMENTS--GENERAL INFORMATION
fixed length control field 260407a1981 arg spa d
003 - CONTROL NUMBER IDENTIFIER
control field AR-UNSa-BCEJYS
040 ## - CATALOGING SOURCE
Original cataloging agency AR-UNSa-BCEJYS
Language of cataloging spa
Transcribing agency AR-UNSa-BCEJYS
080 ## - UNIVERSAL DECIMAL CLASSIFICATION NUMBER
Universal Decimal Classification number 330.14
Common auxiliary subdivision Capital
041 ## - LANGUAGE CODE
Language code of text/sound track or separate title spa
100 1# - MAIN ENTRY--PERSONAL NAME
Personal name Sacristán, Manuel
245 10 - TITLE STATEMENT
Title El capital 4
Name of part/section of a work crítica de la economía política
264 #1 - PRODUCTION, PUBLICATION, DISTRIBUTION, MANUFACTURE, AND COPYRIGHT NOTICE
Place of production, publication, distribution, manufacture México :
Name of producer, publisher, distributor, manufacturer Grijalbo
Date of production, publication, distribution, manufacture, or copyright notice 1981
300 ## - PHYSICAL DESCRIPTION
Extent 146 p.
Dimensions 23 cm.
505 ## - FORMATTED CONTENTS NOTE
Formatted contents note VOL. IV. Libro Primero: EL PROCESO DE LA PRODUCCIÓN DEL CAPITAL: Sección Tercera: LA PRODUCCIÓN DE LA PLUSVALIA ABSOLUTA: Capítulo quinto: Proceso de trabajo y proceso de valorización: 1. Proceso de trabajo – 2. Proceso de valorización - - Capitulo sexto: Capital constante y capital variable - - Capítulo séptimo: La cuota de la plusvalía: 1. El grado de explotación de la fuerza de trabajo – 2. Exposición del valor del producto en partes proporcionales del producto – 3. La “ultima hora” de Senior – 4. El plusproducto - - Capítulo octavo: La jornada de trabajo: 1. Los límites de la jornada de trabajo – 2. El hombre voraz del plustrabajo. Fabricante y boyardo – 3. Ramas industriales inglesas sin limitación legal de la explotación – 4. Trabajo diurno y nocturno. El sistema de turnos – 5. La lucha por la jornada de trabajo desde la mitad del siglo XIV hasta el final del siglo XVIII – 6. La lucha por la jornada de trabajo normal. Limitación del tiempo de trabajo por la fuerza de la ley. La legislación fabril inglesa de 1833-1864 – 7. La lucha por la jornada de trabajo normal. Repercusión de la legislación fabril inglesa en otros países - - Capitulo noveno: Cuota y masa de la plusvalía.
590 ## - LOCAL NOTE (RLIN)
Local note niveau_biblio:m niveau_hierar:0
700 1# - ADDED ENTRY--PERSONAL NAME
Personal name Marx, Carlos
856 41 - ELECTRONIC LOCATION AND ACCESS
Uniform Resource Identifier <a href="https://www.biblioeco.unsa.edu.ar/pmb/images/libros/L127241.jpg">https://www.biblioeco.unsa.edu.ar/pmb/images/libros/L127241.jpg</a>
Link text Imagen de portada
Electronic format type image/jpeg
942 ## - ADDED ENTRY ELEMENTS (KOHA)
Koha item type
Existencias
Withdrawn status Lost status Damaged status Not for loan Home library Current library Shelving location Date acquired Total checkouts Full call number Barcode Date last seen Price effective from Koha item type
        Biblioteca Prof. Eusebio Cleto del Rey Biblioteca Prof. Eusebio Cleto del Rey   07/04/2026   330.14 M392e v.4 L127241 07/04/2026 07/04/2026 Libro